| 000 | 00445cam a2200193 4500 | ||
|---|---|---|---|
| 001 | D7024 | ||
| 008 | 090401t1977 xxu||||| |||| 00| 0 eng d | ||
| 035 | _a(Sirsi) u4743 | ||
| 041 | _aeng | ||
| 050 | _a336.2424 | ||
| 100 | _aMatthews, Janek | ||
| 245 | _aDevelopment land tax | ||
| 260 |
_aLondon _bEstates Gazette _c1977 |
||
| 300 | _axxix. 805p. 22cm | ||
| 350 | _a13.5 | ||
| 700 | _aJohnson, T.A. | ||
| 942 | _n0 | ||
| 948 | _c04/03/1997 | ||
| 999 |
_c86056 _d86056 |
||